[Event "Katowice Silesia 100th Ann op"]
[Site "Katowice"]
[Date "2024.04.28"]
[Round "9"]
[White "Kuzmicz, Krystian"]
[Black "Gradalski, Olaf"]
[Result "1-0"]
[WhiteElo "2471"]
[BlackElo "2032"]
[PlyCount "155"]
[EventDate "2024.04.27"]
[EventType "swiss (rapid)"]
[EventRounds "11"]
[EventCountry "POL"]
[SourceTitle "CBM 220 Extra"]
[Source "ChessBase"]
[SourceDate "2024.07.31"]
[SourceVersion "1"]
[SourceVersionDate "2024.07.31"]
[SourceQuality "1"]

1. e4 c6 2. d4 d5 3. f3 g6 4. Nc3 Bg7 5. Be3 Qb6 6. Qd2 Qxb2 7. Rb1 Qa3 8. exd5 Nf6 9. Bc4 0-0 10. Nge2 Nbd7 11. dxc6 bxc6 12. 0-0 Nb6 13. Bb3 Rd8 14. Ne4 Nfd5 15. Bh6 Ba6 16. Bxg7 Kxg7 17. Nc5 e6 18. Rfe1 Nf6 19. Qe3 Nbd5 20. Qe5 Bxe2 21. Rxe2 Nc3 22. Rbe1 Nxe2+ 23. Rxe2 Qb4 24. c3 Qxc3 25. Qxf6+ Kxf6 26. Ne4+ Kg7 27. Nxc3 Rxd4 28. Ne4 a5 29. Rc2 a4 30. Bc4 Rb8 31. Nc5 Rb4 32. Be2 Rb1+ 33. Kf2 Rdb4 34. Nd3 Rb6 35. Ke3 f6 36. Rc4 Ra6 37. Nc5 Ra5 38. Nxa4 Re5+ 39. Kd2 c5 40. Bd3 Rg1 41. Rg4 f5 42. Rg3 h5 43. f4 Rd5 44. Ke2 h4 45. Rg5 Rd4 46. Nxc5 Kf6 47. g3 Rg2+ 48. Ke3 Rd5 49. gxh4 Rxa2 50. Nxe6 Ra3 51. Nd4 Ra4 52. Nf3 Ra3 53. Ne5 Rxe5+ 54. fxe5+ Kxe5 55. h5 gxh5 56. Rxf5+ Ke6 57. Rxh5 Kf6 58. Rb5 Kg7 59. Rb6 Ra4 60. Be4 Ra3+ 61. Kf4 Rh3 62. Rg6+ Kf7 63. Rg2 Kf6 64. Kg4 Rh8 65. Rf2+ Kg7 66. h4 Rf8 67. Bf5 Kh6 68. Rc2 Rg8+ 69. Kh3 Rf8 70. Rc6+ Kg7 71. Kg4 Rf6 72. Rc7+ Kh8 73. Kg5 Rd6 74. Bg6 Rd8 75. Kh6 Kg8 76. Rg7+ Kh8 77. Rh7+ Kg8 78. Bf7+ 1-0

[Event "Katowice POL-HUN 10th"]
[Site "Katowice"]
[Date "2023.09.09"]
[Round "5"]
[White "Gradalski, Olaf"]
[Black "Pasti, Aron"]
[Result "1/2-1/2"]
[WhiteElo "2034"]
[BlackElo "2372"]
[PlyCount "141"]
[EventDate "2023.09.09"]
[EventType "swiss (rapid)"]
[EventRounds "9"]
[EventCountry "POL"]
[SourceTitle "CBM 216 Extra"]
[Source "ChessBase"]
[SourceDate "2023.11.30"]
[SourceVersion "1"]
[SourceVersionDate "2023.11.30"]
[SourceQuality "1"]

1. e4 e5 2. Nf3 Nc6 3. Bc4 Nf6 4. d3 Be7 5. c3 d5 6. exd5 Nxd5 7. 0-0 0-0 8. Re1 Bf6 9. Nbd2 a6 10. Ne4 Be7 11. Ng3 Nb6 12. Bb3 Qd6 13. Bg5 Bxg5 14. Nxg5 Qg6 15. Nf3 Re8 16. d4 Bg4 17. h3 Bxf3 18. Qxf3 exd4 19. cxd4 a5 20. d5 Nd4 21. Qc3 Nxb3 22. axb3 Rxe1+ 23. Rxe1 h5 24. Qxc7 h4 25. Nf1 Nxd5 26. Qxb7 Rd8 27. Rd1 Qg5 28. Qb5 Kh7 29. Qd3+ g6 30. Qf3 Kg7 31. Ne3 Nb4 32. Rxd8 Qxd8 33. Qe4 Qf6 34. Nc4 Qg5 35. Qe5+ Qxe5 36. Nxe5 Kf6 37. Nc4 Nc6 38. Kf1 Ke6 39. Ke1 Kd5 40. Kd2 Kd4 41. Nd6 f5 42. Nb5+ Kc5 43. Nc3 Nd4 44. Ne2 Ne6 45. Kc3 f4 46. Nc1 g5 47. Nd3+ Kd5 48. f3 Nd4 49. b4 Nb5+ 50. Kd2 a4 51. Nc5 Kc4 52. Nxa4 Kxb4 53. Nc3 Nd6 54. Ne4 Nc4+ 55. Ke2 Ne3 56. Kf2 Nd1+ 57. Kg1 Nxb2 58. Nxg5 Nd3 59. Ne6 Kc4 60. Nf8 Ne5 61. Ne6 Ng6 62. Kf2 Kd3 63. Nc5+ Kd2 64. Ne4+ Kd3 65. Nd6 Kd2 66. Nc4+ Kd3 67. Nb2+ Kd2 68. Na4 Kd3 69. Ke1 Ne5 70. Nb2+ Kc2 71. Na4 1/2-1/2

[Event "Katowice POL-HUN 10th"]
[Site "Katowice"]
[Date "2023.09.09"]
[Round "3"]
[White "Gradalski, Olaf"]
[Black "Zochowski, Kacper"]
[Result "1/2-1/2"]
[WhiteElo "2034"]
[BlackElo "2256"]
[PlyCount "149"]
[EventDate "2023.09.09"]
[EventType "swiss (rapid)"]
[EventRounds "9"]
[EventCountry "POL"]
[SourceTitle "CBM 216 Extra"]
[Source "ChessBase"]
[SourceDate "2023.11.30"]
[SourceVersion "1"]
[SourceVersionDate "2023.11.30"]
[SourceQuality "1"]

1. e4 d6 2. d4 Nf6 3. Nc3 e5 4. dxe5 dxe5 5. Qxd8+ Kxd8 6. Bc4 Be6 7. Bxe6 fxe6 8. f3 Bd6 9. Nh3 Ke7 10. Nf2 Nc6 11. Bd2 a6 12. 0-0-0 b5 13. Nd3 Rhb8 14. Be3 a5 15. a4 bxa4 16. Nxa4 Nb4 17. Nxb4 Rxb4 18. b3 Rc8 19. Rd3 Nh5 20. g3 Rf8 21. Bd2 Rb5 22. c4 Ba3+ 23. Kc2 Rb7 24. Bxa5 Ra8 25. Bc3 Nf6 26. Rhd1 Rab8 27. Bxe5 Bd6 28. Bb2 Nd7 29. f4 e5 30. fxe5 Nxe5 31. c5 Nxd3 32. cxd6+ cxd6 33. Rxd3 g6 34. Ba3 Ke6 35. Bxd6 Rc8+ 36. Kd2 Ra7 37. e5 Ra5 38. Rc3 Rca8 39. Rc5 Rxc5 40. Nxc5+ Kd5 41. Ke3 Ra2 42. h4 Rb2 43. Kf4 h6 44. Kg4 Rd2 45. Kf3 Rb2 46. g4 Rh2 47. Kg3 Rc2 48. b4 Rc3+ 49. Kf2 Rc4 50. Nd7 Rc2+ 51. Kf3 Rb2 52. g5 hxg5 53. hxg5 Ke6 54. Nf8+ Kf5 55. Ke3 Kxg5 56. e6 Rb1 57. e7 Kf6 58. Nxg6 Kf7 59. Ne5+ Ke8 60. Kd4 Rxb4+ 61. Nc4 Rb1 62. Kd5 Rd1+ 63. Kc5 Rc1 64. Kd5 Rd1+ 65. Ke6 Re1+ 66. Ne5 Re2 67. Bb4 Re4 68. Bc5 Re1 69. Kd6 Rd1+ 70. Kc6 Re1 71. Kd5 Rd1+ 72. Ke4 Re1+ 73. Kf5 Rf1+ 74. Kg5 Rf5+ 75. Kxf5 1/2-1/2

[Event "Polanica Zdroj op 59th"]
[Site "Polanica Zdroj"]
[Date "2023.08.21"]
[Round "3"]
[White "Kowalczyk, Rafal"]
[Black "Gradalski, Olaf"]
[Result "1-0"]
[WhiteElo "2171"]
[BlackElo "2007"]
[PlyCount "105"]
[EventDate "2023.08.19"]
[EventType "swiss"]
[EventRounds "9"]
[EventCountry "POL"]
[SourceTitle "CBM 215 Extra"]
[Source "ChessBase"]
[SourceDate "2023.09.30"]
[SourceVersion "1"]
[SourceVersionDate "2023.09.30"]
[SourceQuality "1"]

1. e4 c6 2. d4 d5 3. Nc3 dxe4 4. Nxe4 Bf5 5. Ng3 Bg6 6. h4 h6 7. Nh3 Nf6 8. Nf4 Bh7 9. Bc4 Nbd7 10. 0-0 Nb6 11. Bb3 Nbd5 12. Nd3 Bxd3 13. Qxd3 e6 14. Ne4 Nxe4 15. Qxe4 Be7 16. g3 Qd7 17. Rd1 g5 18. h5 0-0-0 19. c4 f5 20. Qe2 Nf6 21. Bd2 Rde8 22. Rac1 Bd6 23. Qd3 Kb8 24. Bc3 Rhf8 25. d5 exd5 26. cxd5 c5 27. Re1 f4 28. Re6 c4 29. Bxc4 fxg3 30. Bb5 gxf2+ 31. Kf1 Rxe6 32. Bxd7 Re7 33. Bxf6 Rxd7 34. Qg6 Bf4 35. Bg7 Rfd8 36. Rc3 Rxd5 37. Kxf2 Rd1 38. Qe4 Bh2 39. Be5+ Bxe5 40. Qxe5+ Ka8 41. Qe6 Rf8+ 42. Ke2 Rdd8 43. Qxh6 g4 44. Rd3 Rde8+ 45. Re3 Rc8 46. Qh7 a6 47. h6 Rh8 48. Qd7 Rcd8 49. Qe7 g3 50. h7 g2 51. Kf2 Rd2+ 52. Kg1 Ka7 53. Rg3 1-0

[Event "EU-ch Rapid"]
[Site "Katowice"]
[Date "2022.12.18"]
[Round "8"]
[White "Sotsky, Alexander"]
[Black "Gradalski, Olaf"]
[Result "1/2-1/2"]
[WhiteElo "2333"]
[BlackElo "2079"]
[PlyCount "106"]
[EventDate "2022.12.17"]
[EventType "swiss (rapid)"]
[EventRounds "11"]
[EventCountry "POL"]
[SourceTitle "CBM 211 Extra"]
[Source "ChessBase"]
[SourceDate "2023.01.31"]
[SourceVersion "1"]
[SourceVersionDate "2023.01.31"]
[SourceQuality "1"]

1. d4 d5 2. Bg5 Nf6 3. e3 Bf5 4. Bd3 Bxd3 5. Qxd3 e6 6. Nd2 Nbd7 7. f4 Be7 8. Ngf3 c5 9. c3 0-0 10. 0-0 Ne8 11. Bxe7 Qxe7 12. Rae1 Nd6 13. e4 dxe4 14. Nxe4 Nxe4 15. Qxe4 Nf6 16. Qe5 cxd4 17. Nxd4 Rfd8 18. Rf3 Rd5 19. Qe2 Qc5 20. b4 Qb6 21. a4 a5 22. b5 Rad8 23. Kh1 g6 24. Nb3 Nd7 25. c4 Rd6 26. h3 Qc7 27. Qc2 Nc5 28. Nxc5 Qxc5 29. Qc3 Rd4 30. Qxa5 b6 31. Qc3 Rxc4 32. Qa1 Rc2 33. Qa3 Qf5 34. a5 Rdd2 35. Rg1 Qxb5 36. a6 Ra2 37. a7 Qa5 38. Qe7 Qxa7 39. Qe8+ Kg7 40. f5 exf5 41. Qe5+ f6 42. Qb5 Rab2 43. Qc6 Qd7 44. Qc3 b5 45. Re3 f4 46. Rf3 g5 47. h4 Qg4 48. hxg5 Qxg5 49. Qc7+ Kg6 50. Qc8 Kg7 51. Qc7+ Kg6 52. Qc8 Kg7 53. Qc7+ Kg6 1/2-1/2

[Event "EU-ch Blitz"]
[Site "Katowice"]
[Date "2022.12.16"]
[Round "7"]
[White "Gradalski, Olaf"]
[Black "Paszewski, Mateusz"]
[Result "1-0"]
[WhiteElo "2079"]
[BlackElo "2282"]
[PlyCount "49"]
[EventDate "2022.12.16"]
[EventType "swiss (blitz)"]
[EventRounds "22"]
[EventCountry "POL"]
[SourceTitle "CBM 211 Extra"]
[Source "ChessBase"]
[SourceDate "2023.01.31"]
[SourceVersion "1"]
[SourceVersionDate "2023.01.31"]
[SourceQuality "1"]

1. e4 c6 2. d4 d5 3. Nc3 dxe4 4. Nxe4 Nf6 5. Nxf6+ exf6 6. c3 Bd6 7. Bd3 0-0 8. Qc2 Re8+ 9. Ne2 h5 10. 0-0 h4 11. h3 Nd7 12. Nf4 Qc7 13. Nh5 Nf8 14. Bh6 Ne6 15. Bxg7 Nxg7 16. Nxf6+ Kf8 17. Nxe8 Nxe8 18. Rae1 Be6 19. Bf5 Ng7 20. Bxe6 fxe6 21. Qh7 Kf7 22. f4 Qd7 23. Re5 Rf8 24. f5 exf5 25. Rfxf5+ 1-0

[Event "Ustron op-B"]
[Site "Ustron"]
[Date "2022.08.19"]
[Round "8"]
[White "Gradalski, Olaf"]
[Black "Rawicz, Karol"]
[Result "0-1"]
[WhiteElo "2075"]
[BlackElo "2173"]
[PlyCount "64"]
[EventDate "2022.08.12"]
[EventType "swiss"]
[EventRounds "9"]
[EventCountry "POL"]
[SourceTitle "CBM 209 Extra"]
[Source "ChessBase"]
[SourceDate "2022.09.30"]
[SourceVersion "1"]
[SourceVersionDate "2022.09.30"]
[SourceQuality "1"]

1. d4 d5 2. c4 c6 3. cxd5 cxd5 4. Bf4 Nc6 5. Nc3 e6 6. e3 Bd6 7. Bxd6 Qxd6 8. Bd3 Nf6 9. f4 Bd7 10. Nf3 0-0 11. 0-0 Nb4 12. Bb1 Bc6 13. a3 Na6 14. Ne5 Nc7 15. Bd3 Rac8 16. Qf3 g6 17. g4 Nce8 18. g5 Nd7 19. Kh1 Ng7 20. h4 f5 21. gxf6 Rxf6 22. Qe2 Qe7 23. Nxd7 Qxd7 24. Rg1 e5 25. fxe5 Qh3+ 26. Qh2 Rf3 27. Qxh3 Rxh3+ 28. Kg2 Rxe3 29. Rad1 Ne6 30. Bb1 Rf8 31. h5 Rff3 32. Rd2 Nf4+ 0-1

[Event "Warsaw Chess op-A"]
[Site "Warsaw"]
[Date "2022.07.25"]
[Round "9"]
[White "Gradalski, Olaf"]
[Black "Yasmo, Daniil"]
[Result "1-0"]
[WhiteElo "2049"]
[BlackElo "1680"]
[PlyCount "133"]
[EventDate "2022.07.18"]
[EventType "swiss"]
[EventRounds "9"]
[EventCountry "POL"]
[SourceTitle "CBM 209 Extra"]
[Source "ChessBase"]
[SourceDate "2022.09.30"]
[SourceVersion "1"]
[SourceVersionDate "2022.09.30"]
[SourceQuality "1"]

1. g3 Nf6 2. Bg2 c5 3. e4 Nc6 4. c3 e5 5. Ne2 d5 6. exd5 Nxd5 7. 0-0 Nc7 8. d4 cxd4 9. cxd4 Nxd4 10. Nxd4 Qxd4 11. Qe2 Bg4 12. Qc2 0-0-0 13. Be3 Qd3 14. Qa4 Be6 15. Rc1 Qa6 16. Qxa6 bxa6 17. Bxa7 Bd6 18. Nc3 f5 19. Na4 e4 20. f3 Bd5 21. Nb6+ Kb7 22. Nxd5 Nxd5 23. fxe4 fxe4 24. Bd4 Nf6 25. Bxf6 gxf6 26. Bxe4+ Ka7 27. Rc2 Be5 28. Rb1 Rd4 29. Bf3 Rhd8 30. Re1 h6 31. Kg2 Rd2+ 32. Re2 R2d4 33. a3 Rd3 34. Bg4 Rb3 35. Be6 Rb6 36. Bc4 Rc6 37. b3 Rcd6 38. Rf2 Kb6 39. Kh3 Rd4 40. Rf5 Rh8 41. Rh5 Kb7 42. Rf2 Kb6 43. Rff5 Kb7 44. Rh4 Rxh4+ 45. Kxh4 a5 46. Kh5 Kc6 47. Kg6 Kd6 48. Rh5 Ke7 49. b4 axb4 50. axb4 Rc8 51. Rh4 Kd6 52. b5 Kc5 53. Be2 Re8 54. Rc4+ Kb6 55. Rc6+ Kb7 56. Bf3 Kb8 57. Ra6 Kc7 58. b6+ Kd6 59. b7+ Ke7 60. Ra8 Kf8 61. Bc6 Rb8 62. Kxh6 Kg8 63. Kg6 Kf8 64. Rxb8+ Bxb8 65. Kxf6 Bc7 66. Ke6 Kg7 67. Kd7 1-0

[Event "Warsaw Chess op-A"]
[Site "Warsaw"]
[Date "2022.07.19"]
[Round "2"]
[White "Gradalski, Olaf"]
[Black "Siekanska, Zuzanna"]
[Result "1-0"]
[WhiteElo "2049"]
[BlackElo "1712"]
[PlyCount "119"]
[EventDate "2022.07.18"]
[EventType "swiss"]
[EventRounds "9"]
[EventCountry "POL"]
[SourceTitle "CBM 209 Extra"]
[Source "ChessBase"]
[SourceDate "2022.09.30"]
[SourceVersion "1"]
[SourceVersionDate "2022.09.30"]
[SourceQuality "1"]

1. d4 d5 2. c4 e6 3. Nc3 Nf6 4. cxd5 exd5 5. Bg5 c6 6. e3 h6 7. Bh4 Be7 8. Bd3 0-0 9. Nge2 Nbd7 10. 0-0 Ne4 11. Bxe7 Qxe7 12. Nxe4 dxe4 13. Bc2 f5 14. Nf4 Kh7 15. f3 Nf6 16. fxe4 fxe4 17. Nh5 Bd7 18. Nxf6+ Rxf6 19. Rxf6 gxf6 20. Qh5 Rg8 21. Qc5 Qe6 22. Rf1 Rg5 23. Qf8 f5 24. Bb3 Qg6 25. Rf2 Qg7 26. Qb8 Rg4 27. Qxa7 h5 28. Qb8 f4 29. exf4 Qxd4 30. Qe5 Qxe5 31. fxe5 Be8 32. Rf8 Bg6 33. Kf2 e3+ 34. Kxe3 Re4+ 35. Kd2 Rxe5 36. Rb8 Re7 37. Rd8 Be4 38. Bc2 Bxc2 39. Kxc2 Kg6 40. Kc3 h4 41. Rd2 Kg5 42. a4 Rh7 43. Kc4 h3 44. Kc5 hxg2 45. Rxg2+ Kf5 46. Kb6 Ke5 47. Rd2 Ke6 48. a5 Ke5 49. h4 Ke6 50. Rh2 Kd6 51. h5 Kd5 52. Rh4 Kd6 53. h6 c5 54. Rh5 c4 55. Kb5 Kc7 56. Kxc4 Kb8 57. Kd5 Ka7 58. Ke6 b6 59. axb6+ Kxb6 60. Kf6 1-0

[Event "Lazy Baltic Pearl op-A 18th"]
[Site "Lazy"]
[Date "2022.06.27"]
[Round "2"]
[White "Borkowski, Szymon"]
[Black "Gradalski, Olaf"]
[Result "1/2-1/2"]
[WhiteElo "1715"]
[BlackElo "2049"]
[PlyCount "141"]
[EventDate "2022.06.26"]
[EventType "swiss"]
[EventRounds "9"]
[EventCountry "POL"]
[SourceTitle "CBM 209 Extra"]
[Source "ChessBase"]
[SourceDate "2022.09.30"]
[SourceVersion "1"]
[SourceVersionDate "2022.09.30"]
[SourceQuality "1"]

1. d4 Nf6 2. c4 e6 3. Nc3 Bb4 4. f3 c5 5. a3 Bxc3+ 6. bxc3 Nc6 7. e3 d6 8. Bd3 b6 9. Ne2 0-0 10. 0-0 Na5 11. Ng3 Ba6 12. Qe2 Qd7 13. a4 cxd4 14. cxd4 Rfc8 15. Bd2 Bxc4 16. Bxa5 Bxd3 17. Qxd3 bxa5 18. Qd2 Nd5 19. e4 Nb4 20. Qg5 Qd8 21. Qxd8+ Rxd8 22. Rfc1 Rdc8 23. Ne2 Nd3 24. Rd1 Nb2 25. Rdb1 Nc4 26. Rb7 Nb6 27. Ra3 Rc2 28. Kf1 Rac8 29. Rxa7 Nc4 30. Rc3 Rxc3 31. Nxc3 g6 32. Nb5 d5 33. Ke2 Nb2 34. Rxa5 Rc2+ 35. Kf1 Nc4 36. Ra8+ Kg7 37. exd5 Ne3+ 38. Kg1 Rxg2+ 39. Kh1 Rb2 40. Kg1 exd5 41. Re8 Nf5 42. Re5 Nh4 43. Re3 Ra2 44. Nc3 Rg2+ 45. Kh1 Rc2 46. Kg1 Rd2 47. a5 Nf5 48. Re2 Rd3 49. Nb5 Nxd4 50. Nxd4 Rxd4 51. Ra2 Rc4 52. a6 Rc8 53. Kf2 Kf6 54. a7 Ra8 55. Ra5 Ke5 56. Ke3 g5 57. h3 h5 58. Ra4 d4+ 59. Kf2 f6 60. Ra5+ Ke6 61. Ke2 f5 62. Kd3 g4 63. fxg4 fxg4 64. hxg4 hxg4 65. Kxd4 g3 66. Re5+ Kf6 67. Ra5 g2 68. Ra1 Rxa7 69. Rg1 Ra2 70. Ke3 Ke5 71. Kf3 1/2-1/2

[Event "Lazy Baltic Pearl op-A 18th"]
[Site "Lazy"]
[Date "2022.06.26"]
[Round "1"]
[White "Gradalski, Olaf"]
[Black "Hury, Tymoteusz"]
[Result "1-0"]
[WhiteElo "2049"]
[BlackElo "1679"]
[PlyCount "119"]
[EventDate "2022.06.26"]
[EventType "swiss"]
[EventRounds "9"]
[EventCountry "POL"]
[SourceTitle "CBM 209 Extra"]
[Source "ChessBase"]
[SourceDate "2022.09.30"]
[SourceVersion "1"]
[SourceVersionDate "2022.09.30"]
[SourceQuality "1"]

1. Nf3 d5 2. d4 Nf6 3. g3 e6 4. Bg2 Be7 5. 0-0 0-0 6. c4 dxc4 7. Ne5 Nc6 8. Bxc6 bxc6 9. Nxc6 Qe8 10. Nxe7+ Qxe7 11. Qa4 e5 12. dxe5 Qxe5 13. Qxc4 Be6 14. Qc2 Qh5 15. f3 Rfe8 16. Rf2 Rad8 17. Nc3 Rd7 18. e4 Red8 19. Be3 Qa5 20. Rff1 Bc4 21. Rfd1 Bd3 22. Qf2 a6 23. Rd2 Bc4 24. Rad1 h6 25. Bd4 Ne8 26. Bb6 Rxd2 27. Rxd2 Rxd2 28. Bxa5 Rxf2 29. Kxf2 c6 30. b3 Be6 31. Na4 Nd6 32. Nc5 Bc8 33. Ke3 f6 34. Bc7 Ne8 35. Bb8 Kf7 36. Kd4 Ke7 37. Na4 f5 38. e5 Be6 39. Kc5 Bd5 40. f4 g5 41. Kb6 Ng7 42. Nc5 Nh5 43. e6 Ng7 44. Nxa6 Nxe6 45. Be5 gxf4 46. gxf4 Kd8 47. Nb8 c5 48. Na6 c4 49. Nb4 cxb3 50. Nxd5 bxa2 51. Kc6 Ke8 52. Nc7+ Kf7 53. Nxe6 Kxe6 54. Kc5 Kf7 55. Kd5 Kg6 56. Ke6 Kh5 57. Kxf5 Kh4 58. Kg6 h5 59. f5 Kg4 60. f6 1-0

[Event "POL-ch U18"]
[Site "Sypniewo"]
[Date "2022.03.23"]
[Round "5"]
[White "Gradalski, Olaf"]
[Black "Lenart, Jakub"]
[Result "1/2-1/2"]
[WhiteElo "2051"]
[BlackElo "1792"]
[PlyCount "116"]
[EventDate "2022.03.19"]
[EventType "swiss"]
[EventRounds "9"]
[EventCountry "POL"]
[SourceTitle "CBM 207 Extra"]
[Source "ChessBase"]
[SourceDate "2022.05.31"]
[SourceVersion "1"]
[SourceVersionDate "2022.05.31"]
[SourceQuality "1"]

1. d4 Nf6 2. c4 e6 3. g3 d5 4. Nf3 c6 5. Bg2 Be7 6. 0-0 0-0 7. Qc2 Ne4 8. Bf4 Nd7 9. Ne5 f5 10. Nxd7 Bxd7 11. Nc3 Nd6 12. Bxd6 Bxd6 13. c5 Bc7 14. f4 g5 15. e3 h5 16. Qe2 h4 17. Qh5 Rf7 18. gxh4 g4 19. Qg5+ Rg7 20. Qxd8+ Bxd8 21. h5 Rh7 22. Rf2 Rxh5 23. Bf1 Kf7 24. b4 b6 25. Rb1 b5 26. a4 a6 27. Ra2 Rc8 28. Rba1 Rh8 29. axb5 axb5 30. Ra7 Rc7 31. R7a6 Ke7 32. Ne2 Bc8 33. Ra8 Kd7 34. Nc1 Bb7 35. R8a7 Bc8 36. Nd3 Bf6 37. Nc1 Bd8 38. R7a2 Bb7 39. Nb3 Rc8 40. Ra7 Rb8 41. Na5 Kc8 42. Ra2 Bxa5 43. R7xa5 Kc7 44. Ra7 Ra8 45. Rxa8 Bxa8 46. h3 gxh3 47. Kh2 Bb7 48. Bxh3 Ra8 49. Rxa8 Bxa8 50. Kg3 Kd7 51. Kh4 Ke7 52. Kg5 Bb7 53. Kg6 Bc8 54. Bf1 Bd7 55. Be2 Be8+ 56. Kg7 Bd7 57. Bh5 Bc8 58. Bg6 Bd7 1/2-1/2

[Event "POL-ch U18"]
[Site "Sypniewo"]
[Date "2022.03.22"]
[Round "4"]
[White "Redzisz, Michal"]
[Black "Gradalski, Olaf"]
[Result "1-0"]
[WhiteElo "2223"]
[BlackElo "2051"]
[PlyCount "96"]
[EventDate "2022.03.19"]
[EventType "swiss"]
[EventRounds "9"]
[EventCountry "POL"]
[SourceTitle "CBM 207 Extra"]
[Source "ChessBase"]
[SourceDate "2022.05.31"]
[SourceVersion "1"]
[SourceVersionDate "2022.05.31"]
[SourceQuality "1"]

1. d4 d5 2. Nf3 e6 3. g3 Nf6 4. Bg2 Be7 5. c4 0-0 6. Qc2 dxc4 7. Qxc4 a6 8. Qc2 Nc6 9. e3 Nb4 10. Qe2 Bd7 11. Nc3 Bb5 12. Nxb5 axb5 13. a3 c6 14. 0-0 Ne4 15. Ne5 Nd6 16. Bd2 Nd5 17. e4 Nb6 18. Bc3 Na4 19. Rac1 Nxc3 20. Rxc3 Bf6 21. Rd1 b4 22. axb4 Nb5 23. Rcd3 Bxe5 24. dxe5 Qc7 25. f4 Rfd8 26. h4 g6 27. Kh2 Qe7 28. f5 Rxd3 29. Rxd3 Rd8 30. fxe6 fxe6 31. Bh3 Rxd3 32. Qxd3 Kg7 33. Qc4 Nc7 34. Qd4 Nb5 35. Qd3 Qc7 36. Bxe6 Qe7 37. Bc4 Qxe5 38. Bxb5 Qxb2+ 39. Qe2 Qxb4 40. Bd3 b5 41. e5 Qc5 42. Qe4 Qf2+ 43. Kh3 Qf5+ 44. Qxf5 gxf5 45. Bxf5 c5 46. Bd7 Kf7 47. Bxb5 Ke6 48. Kg4 Kd5 1-0

[Event "POL-ch U18"]
[Site "Sypniewo"]
[Date "2022.03.21"]
[Round "3"]
[White "Gradalski, Olaf"]
[Black "Kacprzak, Karol1"]
[Result "1/2-1/2"]
[WhiteElo "2051"]
[BlackElo "2275"]
[PlyCount "104"]
[EventDate "2022.03.19"]
[EventType "swiss"]
[EventRounds "9"]
[EventCountry "POL"]
[SourceTitle "CBM 207 Extra"]
[Source "ChessBase"]
[SourceDate "2022.05.31"]
[SourceVersion "1"]
[SourceVersionDate "2022.05.31"]
[SourceQuality "1"]

1. e4 c5 2. Nf3 d6 3. Bb5+ Nd7 4. d4 cxd4 5. Qxd4 a6 6. Bxd7+ Bxd7 7. c4 e5 8. Qd3 Rc8 9. Nc3 h6 10. 0-0 Nf6 11. b3 Qc7 12. a4 Be7 13. Be3 b6 14. Nd2 0-0 15. f3 Qb7 16. Rfc1 Be6 17. Nd5 Bd8 18. Nxf6+ Bxf6 19. Qxd6 Rfd8 20. Qb4 Rd3 21. Nf1 Rb8 22. Rab1 Be7 23. Qe1 Rbd8 24. Rd1 b5 25. axb5 axb5 26. Qe2 Rxd1 27. Rxd1 Rxd1 28. Qxd1 bxc4 29. bxc4 Bxc4 30. Nd2 Be6 31. Nf1 Qb2 32. Qd2 Qb3 33. Kf2 Kh7 34. Qc1 Ba3 35. Qd2 Bc4 36. Kg1 Qb1 37. Qf2 Bb4 38. g4 Be1 39. Qg2 Qd1 40. g5 h5 41. f4 exf4 42. Bxf4 Bc3 43. Be3 Bd3 44. h3 Kg6 45. Qf2 Bxe4 46. Kh2 Be5+ 47. Bf4 Bxf4+ 48. Qxf4 Qe2+ 49. Kg3 Qg2+ 50. Kh4 Bb7 51. Ng3 Qd5 52. Nxh5 Qe4 1/2-1/2

[Event "EU-ch Blitz"]
[Site "Katowice"]
[Date "2021.12.17"]
[Round "19"]
[White "Gradalski, Olaf"]
[Black "Masternak, Grzegorz"]
[Result "1/2-1/2"]
[WhiteElo "2086"]
[BlackElo "2330"]
[PlyCount "97"]
[EventDate "2021.12.17"]
[EventType "swiss (blitz)"]
[EventRounds "22"]
[EventCountry "POL"]
[SourceTitle "CBM 205 Extra"]
[Source "ChessBase"]
[SourceDate "2022.01.31"]
[SourceVersion "1"]
[SourceVersionDate "2022.01.31"]
[SourceQuality "1"]

1. e4 e6 2. d4 d5 3. Bd3 Nf6 4. exd5 exd5 5. Ne2 Nc6 6. c3 Bg4 7. h3 Bh5 8. Bf4 Bd6 9. Qd2 Bg6 10. Bxd6 Qxd6 11. Na3 0-0 12. 0-0 Rfe8 13. Rfe1 Ne4 14. Bxe4 Bxe4 15. Ng3 Bg6 16. Nc2 Ne7 17. Ne3 Qd7 18. Ng4 f6 19. Re2 Nf5 20. Rxe8+ Rxe8 21. Nxf5 Bxf5 22. Ne3 Bg6 23. Re1 c6 24. f3 Re7 25. Kf2 Qe8 26. Nf1 Rxe1 27. Qxe1 Qd7 28. Qe3 Kf8 29. Ng3 Qe7 30. Qxe7+ Kxe7 31. Ke3 Bb1 32. a3 Ke6 33. Ne2 g5 34. g3 h5 35. f4 Bf5 36. fxg5 fxg5 37. h4 gxh4 38. gxh4 Bc2 39. Nf4+ Kf5 40. Nxh5 Kg4 41. Nf6+ Kxh4 42. Ne8 Ba4 43. Nd6 b6 44. Nc8 Kg5 45. Nxa7 Kf6 46. Nc8 b5 47. Na7 b4 48. axb4 Ke6 49. Nc8 1/2-1/2

[Event "EU-ch Blitz"]
[Site "Katowice"]
[Date "2021.12.17"]
[Round "20"]
[White "Masternak, Grzegorz"]
[Black "Gradalski, Olaf"]
[Result "1-0"]
[WhiteElo "2330"]
[BlackElo "2086"]
[PlyCount "133"]
[EventDate "2021.12.17"]
[EventType "swiss (blitz)"]
[EventRounds "22"]
[EventCountry "POL"]
[SourceTitle "CBM 205 Extra"]
[Source "ChessBase"]
[SourceDate "2022.01.31"]
[SourceVersion "1"]
[SourceVersionDate "2022.01.31"]
[SourceQuality "1"]

1. e4 c6 2. g3 d5 3. e5 Bf5 4. Bg2 e6 5. h3 h6 6. d3 Nd7 7. f4 c5 8. Nf3 Ne7 9. g4 Bh7 10. Nc3 Nc6 11. 0-0 Be7 12. Ne2 b5 13. Ng3 Bh4 14. Nxh4 Qxh4 15. Kh2 c4 16. Be3 0-0 17. d4 Nb4 18. Rf2 c3 19. bxc3 Nc6 20. f5 Rae8 21. Qd2 f6 22. fxe6 Nb6 23. exf6 Rxf6 24. Rxf6 Qxf6 25. Rf1 Qxe6 26. Bf4 Nc4 27. Qc1 b4 28. cxb4 Nxb4 29. Rf2 Nxa2 30. Qa1 Nb4 31. Qxa7 Nxc2 32. Nh5 Re7 33. Qa8+ Re8 34. Qxd5 N4e3 35. Bxe3 Nxe3 36. Qxe6+ Rxe6 37. Re2 Bd3 38. Re1 Re7 39. Nf4 Bc4 40. d5 Nxg2 41. Rxe7 Nxf4 42. d6 Bb5 43. d7 Bxd7 44. Rxd7 Kh7 45. Kg3 Ne6 46. Re7 Nd4 47. Kf4 Kg6 48. Rd7 Ne6+ 49. Ke5 Ng5 50. Rd3 Nf7+ 51. Kf4 Kf6 52. h4 g5+ 53. hxg5+ hxg5+ 54. Ke4 Ke6 55. Ra3 Nd6+ 56. Kd4 Ne8 57. Ra6+ Kf7 58. Ke5 Ng7 59. Ra7+ Kg6 60. Rb7 Ne8 61. Rb6+ Kf7 62. Kf5 Ng7+ 63. Kxg5 Ne6+ 64. Kh6 Nf8 65. g5 Kg8 66. Rb8 Kf7 67. Rxf8+ 1-0

[Event "Wroclaw op-A"]
[Site "Wroclaw"]
[Date "2021.08.04"]
[Round "5"]
[White "Vanduyfhuys, Daria"]
[Black "Gradalski, Olaf"]
[Result "0-1"]
[WhiteElo "2101"]
[BlackElo "1919"]
[PlyCount "164"]
[EventDate "2021.08.01"]
[EventType "swiss"]
[EventRounds "9"]
[EventCountry "POL"]
[SourceTitle "CBM 203 Extra"]
[Source "ChessBase"]
[SourceDate "2021.09.30"]
[SourceVersion "1"]
[SourceVersionDate "2021.09.30"]
[SourceQuality "1"]

1. d4 Nf6 2. c4 e6 3. Nf3 c5 4. d5 exd5 5. cxd5 d6 6. Nc3 g6 7. e4 Bg7 8. h3 0-0 9. Bd3 a6 10. a4 Re8 11. 0-0 Nbd7 12. Qc2 Nh5 13. Bd2 Ne5 14. Be2 Nxf3+ 15. Bxf3 Nf6 16. Bf4 Qe7 17. Rfe1 Nd7 18. Qd2 Ne5 19. Be2 f5 20. Bf1 Qf8 21. Bg3 Bd7 22. a5 h6 23. f4 Nf7 24. Bd3 fxe4 25. Bxe4 Nh8 26. Re2 Bf5 27. Rae1 Bd7 28. Kh2 Bd4 29. Qc2 Kg7 30. Qb3 Re7 31. Bd3 Rf7 32. Na4 Re8 33. Nb6 Rxe2 34. Rxe2 Bb5 35. Bxb5 axb5 36. Qxb5 Rxf4 37. Bxf4 Qxf4+ 38. g3 Qc1 39. Rg2 Nf7 40. Qc4 Qa1 41. Qa4 Qe1 42. Nc4 h5 43. Qd7 h4 44. Qg4 Ne5 45. Nxe5 hxg3+ 46. Rxg3 Bxe5 47. Qxg6+ Kf8 48. Qf5+ Ke7 49. Qf3 Qxa5 50. Qe2 Kd8 51. Kg2 Bxg3 52. Kxg3 Qc7 53. Qg4 Qf7 54. Qg5+ Qe7 55. Kg4 Qxg5+ 56. Kxg5 Ke7 57. Kf5 b5 58. h4 b4 59. Ke4 Kf6 60. Kd3 Kg6 61. Kc4 Kh5 62. Kb5 Kg4 63. b3 Kh5 64. Kc6 c4 65. bxc4 b3 66. Kxd6 b2 67. c5 b1Q 68. c6 Qb4+ 69. Kd7 Qg4+ 70. Kc7 Qg7+ 71. Kb6 Qd4+ 72. Kc7 Qxd5 73. Kb6 Qb3+ 74. Ka7 Qa4+ 75. Kb7 Qb5+ 76. Kc7 Kxh4 77. Kd6 Qd3+ 78. Kc7 Kg5 79. Kc8 Qa6+ 80. Kd7 Qb5 81. Kd6 Qd3+ 82. Ke5 Qd8 0-1